Races de chevaux - Statistiques

Statistiques générales
  • Ce quiz a été pris 151 fois
    146 depuis la dernière actualisation
  • Le résultat moyen est 12 sur 22
Answers on the Grid
Answers color-coded by a green-red scale on the quiz's grid according to % correct below.
Akhal-Téké
Percheron
Shire
Onagre
Anko du Perche
Mérens
Tarpan
Takh
Parlag hongrois
Boulonnais
Hackney
Appaloosa
Fjord
Jumento Pêga
Marwari
Quagga
Pantaneiro
Norman cob
Kiang
Ferghana
Exmoor
Islandais
Lusitanien
Frison
Hémione
Baudet du Poitou
Clydesdale
Mustang
Pottok
Haflinger
 
Statistiques - réponses
Réponse % Correct
Percheron
89%
Fjord
84%
Akhal-Téké
83%
Islandais
82%
Mustang
82%
Shire
82%
Appaloosa
81%
Frison
80%
Haflinger
80%
Lusitanien
72%
Boulonnais
65%
Mérens
60%
Pottok
58%
Norman cob
54%
Clydesdale
48%
Marwari
43%
Exmoor
29%
Hackney
25%
Tarpan
23%
Takh
18%
Pantaneiro
9%
Ferghana
4%
Aucun quiz correspondant
Distribution des résultats
% des personnes avec chaque résultat
Percentile par nombre de réponses
Votre historique - résultats
Vous n’avez pas pris ce quiz depuis la dernière actualisation